PRINCIPLES OF PHARMACOLOGY :THE PATHOPHYSIOLOGY BASIC OF DRUG THERAPY (Record no. 7450)

MARC details
000 -LEADER
fixed length control field 00498nam a22001817a 4500
005 - DATE AND TIME OF LATEST TRANSACTION
control field 20230118120444.0
008 - FIXED-LENGTH DATA ELEMENTS--GENERAL INFORMATION
fixed length control field 210218b ||||| |||| 00| 0 eng d
020 ## - INTERNATIONAL STANDARD BOOK NUMBER
ISBN 978-93-5129-597-6
041 ## - LANGUAGE CODE
Language code of text/sound track or separate title eng
082 ## - DEWEY DECIMAL CLASSIFICATION NUMBER
Classification number 615.1
100 ## - MAIN ENTRY--AUTHOR NAME
Personal name GALON, DAVID E.
245 ## - TITLE STATEMENT
Title PRINCIPLES OF PHARMACOLOGY :THE PATHOPHYSIOLOGY BASIC OF DRUG THERAPY
250 ## - EDITION STATEMENT
Edition statement 4TH, ED , 2017,
260 ## - PUBLICATION, DISTRIBUTION, ETC. (IMPRINT)
Place of publication NEW DELHI
Name of publisher WOLTER KLUWER
Year of publication 2017
300 ## - PHYSICAL DESCRIPTION
Number of Pages 1020, p
650 ## - SUBJECT ADDED ENTRY--TOPICAL TERM
Topical Term PHARMACY
General subdivision D.PHARMA
942 ## - ADDED ENTRY ELEMENTS (KOHA)
Koha item type Books
Holdings
Lost status Damaged status Collection code Home library Current library Shelving location Date acquired Source of acquisition Cost, normal purchase price Full call number Accession Number Koha item type
    PHARMACY JRU Library JRU Library Shelf - 21- E 18/02/2021 PURCHES / LBI - 1710 / 11-2-21 1599.00 615.1 25507 Books
    Reference JRU Library JRU Library SHELF-9-A 18/02/2021 PURCHES / LBI - 1710 / 11-2-21 1599.00 615.1 25508 Books
    PHARMACY JRU Library JRU Library Shelf - 21- E 18/02/2021 PURCHES / LBI - 1710 / 11-2-21 1599.00 615.1 25509 Books